Library of the University of Algiers 3
Ibrahim Sultan Cheibout
شعار جامعة الجزائر 3
مكتبة جامعة الجزائر 3
إبراهيم سلطان شيبوط

القانون التجاري : (رقم التسجيلة. 45431)

تفاصيل مارك
000 -LEADER
fixed length control field 01484nam a2200205Ia 4500
003 - CONTROL NUMBER IDENTIFIER
control field Ost
005 - DATE AND TIME OF LATEST TRANSACTION
control field 20260507075642.0
008 - FIXED-LENGTH DATA ELEMENTS--GENERAL INFORMATION
fixed length control field 260507s9999||||xx |||||||||||||| ||und||
040 ## - CATALOGING SOURCE
Transcribing agency fsecg
041 ## - LANGUAGE CODE
Language code of text/sound track or separate title ara
082 ## - DEWEY DECIMAL CLASSIFICATION NUMBER
Classification number 346.07
100 ## - MAIN ENTRY--PERSONAL NAME
Personal name ديودار، هاني
Relator term مؤلف
245 #0 - TITLE STATEMENT
Title القانون التجاري :
Remainder of title "التنظيم القانوني للتجارة " الاعمال التجارية التجار الملكية التجارية والصناعية /
Statement of responsibility, etc. هاني ديودار
260 ## - PUBLICATION, DISTRIBUTION, ETC.
Place of publication, distribution, etc. الإسكندرية:
Name of publisher, distributor, etc. دار الجامعة الجديدة,
Date of publication, distribution, etc. 2004
300 ## - PHYSICAL DESCRIPTION
Extent 376 صفحة؛
Other physical details إيضاحات ؛
Dimensions 24 سم
520 ## - SUMMARY, ETC.
Summary, etc. نطاق تطبيق القانون التجاري ، النظام القانوني للاعمال التجارية، الإختصاص القضائي في المواد التجارية، المهلة القضائية، ملكية المشروع التجاري، القيام بالأعمال التجارية على وجه الإستقلال، الاثار المترتبة على صفة التاجر، أثار القيد في السجل التجاري، الجزاءات الجنائية المتعلقة بالقيد في السجل، ملف المراسلات، الجزاءات الجنائية، المسؤولية عن أعمال المنافسة غير المشروعة، الملكية التجارية والصناعية
653 ## - INDEX TERM--UNCONTROLLED
Uncontrolled term التجارة
653 ## - INDEX TERM--UNCONTROLLED
Uncontrolled term القانون التجاري
942 ## - ADDED ENTRY ELEMENTS (KOHA)
Koha item type كتب
المقتنيات
Withdrawn status Lost status Source of classification or shelving scheme Damaged status Not for loan Home library Current library Date acquired Serial enumeration / chronology Inventory number Total checkouts Full call number Barcode Date last seen Price effective from Koha item type
    Dewey Decimal Classification   NOT LOAN / إعارة داخلية مكتبة كلية العلوم الإقتصادية والعلوم التجارية وعلوم التسيير مكتبة كلية العلوم الإقتصادية والعلوم التجارية وعلوم التسيير 07/05/2026 الطابق الأرضي 947/1   أ/947ن1 947/1 07/05/2026 07/05/2026 كتب
    Dewey Decimal Classification   Available مكتبة كلية العلوم الإقتصادية والعلوم التجارية وعلوم التسيير مكتبة كلية العلوم الإقتصادية والعلوم التجارية وعلوم التسيير 07/05/2026 الطابق الأرضي 947/2   أ/947ن2 947/2 07/05/2026 07/05/2026 كتب
    Dewey Decimal Classification   Available مكتبة كلية العلوم الإقتصادية والعلوم التجارية وعلوم التسيير مكتبة كلية العلوم الإقتصادية والعلوم التجارية وعلوم التسيير 07/05/2026 الطابق الثاني 947/3   أ/947ن3 947/3 07/05/2026 07/05/2026 كتب

موارد الويب المفتوحة


© University of Algiers 3 All Rights Reserved
|
Implemented by LECHELAH Riad